000 00499nam a22001937a 4500
005 20251024150126.0
008 251024b |||||||| |||| 00| 0 eng d
037 _cTB
040 _aAL
_cAL
041 _2TLG
_aTLG
084 _bAL
100 _aChemakuravenkata
_9849488
245 _aVijayaklasam
260 _aVJA, India:
_bGangadhare,
_c1995.
300 _a144p.
365 _b22.00
_cINR
942 _2CC
_cTB
_n0
999 _c1465050
_d1465050